[Event "EIC 67 sf2 email"]
[Site "email"]
[Date "2005.09.01"]
[Round "?"]
[White "Lara Ruiz, Juan"]
[Black "Schmidt, Gerhard W"]
[Result "1/2-1/2"]
[WhiteElo "2316"]
[BlackElo "2473"]
[PlyCount "47"]
[EventDate "2005.08.28"]
[EventType "tourn (corr)"]
[EventRounds "9"]
[SourceTitle "Corr 2024"]
[Source "ChessBase"]
[SourceDate "2023.10.19"]
[SourceVersion "1"]
[SourceVersionDate "2023.10.19"]
[SourceQuality "1"]

1. d4 d5 2. c4 e6 3. Nc3 Nf6 4. Bg5 Be7 5. e3 0-0 6. Nf3 h6 7. Bh4 Ne4 8. Bxe7 Qxe7 9. cxd5 Nxc3 10. bxc3 exd5 11. Qb3 Rd8 12. c4 dxc4 13. Bxc4 Nc6 14. Be2 b6 15. 0-0 Bb7 16. Rfc1 Na5 17. Qb2 Rac8 18. Rc3 c5 19. Rac1 Qf6 20. Qa3 cxd4 21. Rxc8 Rxc8 22. Rxc8+ Bxc8 23. Nxd4 Bb7 24. Qa4 1/2-1/2

[Event "EIC 67 sf2 email"]
[Site "email"]
[Date "2005.09.01"]
[Round "?"]
[White "Pulkis, Gunars"]
[Black "Schmidt, Gerhard W"]
[Result "1/2-1/2"]
[WhiteElo "2348"]
[BlackElo "2473"]
[PlyCount "105"]
[EventDate "2005.08.28"]
[EventType "tourn (corr)"]
[EventRounds "9"]
[SourceTitle "Corr 2024"]
[Source "ChessBase"]
[SourceDate "2023.10.19"]
[SourceVersion "1"]
[SourceVersionDate "2023.10.19"]
[SourceQuality "1"]

1. e4 c5 2. Nf3 d6 3. d4 cxd4 4. Nxd4 Nf6 5. Nc3 a6 6. Be2 e5 7. Nb3 Be6 8. f4 Qc7 9. 0-0 Nbd7 10. f5 Bc4 11. a4 Be7 12. a5 0-0 13. Kh1 b5 14. axb6 Nxb6 15. Bg5 Bxe2 16. Qxe2 Qc4 17. Qf3 Rfc8 18. Rfd1 Qb4 19. Nc1 Nbd7 20. Nd3 Qb7 21. Ra4 Bd8 22. Rda1 Bb6 23. Be3 Bxe3 24. Qxe3 Nb6 25. R4a2 a5 26. Nf2 a4 27. Qe2 Rc4 28. Ra3 Qc6 29. h3 d5 30. exd5 Nbxd5 31. Nxd5 Nxd5 32. Qxe5 Re8 33. Qg3 Rxc2 34. Qf3 Rce2 35. Rd1 Qc2 36. Qxd5 Rxf2 37. Qd7 Rf8 38. Rc3 Qe4 39. Rg3 Rxf5 40. Rg4 Rf4 41. Rxf4 Qxf4 42. Ra1 Qb4 43. Rxa4 Qxb2 44. Qd4 Qc1+ 45. Kh2 Rc8 46. Ra7 h6 47. Qe5 Qb1 48. Ra3 Qb6 49. Rg3 g6 50. Qe3 Qxe3 51. Rxe3 f5 52. Re7 Rf8 53. g4 1/2-1/2

[Event "EIC 67 sf2 email"]
[Site "email"]
[Date "2005.09.01"]
[Round "?"]
[White "Schmidt, Gerhard W"]
[Black "Bernard, Claude"]
[Result "1/2-1/2"]
[WhiteElo "2473"]
[BlackElo "2409"]
[PlyCount "75"]
[EventDate "2005.08.28"]
[EventType "tourn (corr)"]
[EventRounds "9"]
[SourceTitle "Corr 2024"]
[Source "ChessBase"]
[SourceDate "2023.10.19"]
[SourceVersion "1"]
[SourceVersionDate "2023.10.19"]
[SourceQuality "1"]

1. d4 Nf6 2. c4 e6 3. Nc3 Bb4 4. Qc2 0-0 5. a3 Bxc3+ 6. Qxc3 b6 7. Bg5 Bb7 8. e3 d6 9. f3 Nbd7 10. Bd3 c5 11. Ne2 Rc8 12. 0-0 h6 13. Bh4 cxd4 14. Qxd4 Ne5 15. Rad1 Ba6 16. b3 Nxd3 17. Qxd3 d5 18. Qc3 Qe7 19. e4 dxc4 20. b4 Rfe8 21. a4 Bb7 22. Bxf6 Qxf6 23. Rd7 Qxc3 24. Nxc3 Rb8 25. Rfd1 e5 26. Rc7 Rec8 27. Rdd7 Rxc7 28. Rxc7 Bc8 29. Rxa7 Be6 30. Kf2 Rd8 31. Rb7 Rd3 32. Ne2 Ra3 33. Rxb6 Rxa4 34. Rb8+ Kh7 35. b5 Rb4 36. b6 Rb3 37. Ke1 Kg6 38. Kd1 1/2-1/2